Roar of the Jungle Dragon - Lyrics - Statistics

General Stats
  • This quiz has been taken 44 times
  • The average score is 71 of 148
Answer Stats
Lyrics % Correct
roar.
100%
The
100%
the
100%
below
67%
blame
67%
but
67%
But
67%
depression.
67%
die
67%
dying
67%
final
67%
I
67%
If
67%
if
67%
in
67%
master.
67%
My
67%
my
67%
not
67%
rival
67%
skin.
67%
stand
67%
stirs
67%
that
67%
this
67%
This
67%
victory
67%
way.
67%
will
67%
you
67%
you.
67%
You
67%
your
67%
a
33%
afraid
33%
all
33%
And
33%
and
33%
ascended
33%
before
33%
beyond
33%
blinded
33%
butcher
33%
by
33%
can
33%
cannot
33%
comprehend
33%
continue.
33%
control
33%
dares
33%
day
33%
demolish
33%
dire.
33%
disasters.
33%
easily
33%
echo
33%
end.
33%
enemy
33%
failing
33%
fight
33%
fire.
33%
forth
33%
going
33%
gotten
33%
great
33%
hardship
33%
have
33%
heard
33%
heed
33%
I'm
33%
intention
33%
is
33%
just
33%
made
33%
managed
33%
meet
33%
message
33%
most
33%
move
33%
one
33%
or
33%
out
33%
past
33%
point
33%
proceed
33%
say.
33%
screams
33%
see
33%
shall
33%
should
33%
They
33%
they
33%
through
33%
to
33%
too
33%
war.
33%
was
33%
we
33%
what
33%
whatever
33%
where
33%
while
33%
whole
33%
win.
33%
win
33%
Yes
33%
you're
33%
No matching quizzes found
Score Distribution
Percent of People with Each Score
Percentile by Number Answered
Your Score History
You have not taken this quiz